000
00326nam a2200145Ia 4500
008
090124s9999 xx 000 0 und d
082
_b
133507
_a
102179
245
_a
धग
250
_a
1
260
_b
भावे अपर्णा
_c
2005
300
_a
192
630
_a
धग
730
_a
धग
942
_c
BOOK
999
_c
179742
_d
179742